Hoa thời nay : Thơ /
Sparad:
| Huvudupphovsman: | |
|---|---|
| Materialtyp: | Sách giấy |
| Språk: | Vietnamese |
| Publicerad: |
H. :
Văn học,
2011.
|
| Ämnen: | |
| Taggar: |
Lägg till en tagg
Inga taggar, Lägg till första taggen!
|
| Thư viện lưu trữ: | Thư viện Trường Đại học Đà Lạt |
|---|
| LEADER | 00678nam a2200301 4500 | ||
|---|---|---|---|
| 001 | DLU110128761 | ||
| 005 | ##20111205 | ||
| 040 | # | # | |a DLU |b vie |
| 041 | # | # | |a vie |
| 044 | # | # | |a vn |
| 082 | # | # | |a 895.922 1 |b MA-K |
| 100 | # | # | |a Mạnh Khoa. |
| 245 | # | # | |a Hoa thời nay : |b Thơ / |c Mạnh Khoa. |
| 260 | # | # | |a H. : |b Văn học, |c 2011. |
| 300 | # | # | |a 111 tr. ; |c 19 cm. |
| 650 | # | # | |a Thơ Việt Nam. |
| 650 | # | # | |a Văn học Việt Nam. |
| 923 | # | # | |a 22/2011 |
| 991 | # | # | |a SH |
| 992 | # | # | |a 5600 |
| 994 | # | # | |a DLU |
| 900 | # | # | |a True |
| 911 | # | # | |a Đào Thị Thu Huyền |
| 925 | # | # | |a G |
| 926 | # | # | |a A |
| 927 | # | # | |a SH |
| 980 | # | # | |a Thư viện Trường Đại học Đà Lạt |